00418nam a2200145 i 4500001000300000100002100003245008400024260003700108300004500145500001700190040000800207041000800215080000800223008004100231bg1 aFRIDMAN, Eman P.10aPrimaty :bsovremennyje polubez'jany, obez'jany i celowek /cE[man] P. Fridman. aMoskva :bIzdat. "Nauka",c1979. as. 207, nlb. 1 :bilustr., tabl. nlb.13. a[Alf. ros.]. cBPK apol a599 s pl f |000 0 pol